<?xml version="1.0" encoding="UTF-8"?>
<record
    xmlns:xsi="http://www.w3.org/2001/XMLSchema-instance"
    xsi:schemaLocation="http://www.loc.gov/MARC21/slim http://www.loc.gov/standards/marcxml/schema/MARC21slim.xsd"
    xmlns="http://www.loc.gov/MARC21/slim">

  <leader>01783nam a22002537a 4500</leader>
  <datafield tag="999" ind1=" " ind2=" ">
    <subfield code="c">22108</subfield>
    <subfield code="d">22108</subfield>
  </datafield>
  <controlfield tag="003">AR-CdUCM</controlfield>
  <controlfield tag="008">190425b           ||||| |||| 00| 0 spa d</controlfield>
  <datafield tag="040" ind1=" " ind2=" ">
    <subfield code="a">MUNICIPALIDAD PROVINCIAL DEL CUSCO</subfield>
    <subfield code="c">BIBLIOTECA MUNICIPAL DEL CUSCO</subfield>
  </datafield>
  <datafield tag="082" ind1=" " ind2=" ">
    <subfield code="a">Sieteculebras/N&#xB0;15/2001</subfield>
  </datafield>
  <datafield tag="245" ind1=" " ind2=" ">
    <subfield code="a">Siete culebras :</subfield>
    <subfield code="b">Revista de cultura andina /</subfield>
    <subfield code="c">Mario Guevara Paredes, Director</subfield>
  </datafield>
  <datafield tag="260" ind1=" " ind2=" ">
    <subfield code="a">Cusco :</subfield>
    <subfield code="b">Sieteculebras,</subfield>
    <subfield code="c">2001.</subfield>
  </datafield>
  <datafield tag="300" ind1=" " ind2=" ">
    <subfield code="a">50 p&#xE1;ginas. :</subfield>
    <subfield code="b">ilustraciones ;</subfield>
    <subfield code="c">30 cm.</subfield>
  </datafield>
  <datafield tag="440" ind1=" " ind2=" ">
    <subfield code="a">Revista Siete Culebras.</subfield>
    <subfield code="n">diciembre, enero 2001, N&#xB0;15</subfield>
    <subfield code="9">47458</subfield>
  </datafield>
  <datafield tag="505" ind1=" " ind2=" ">
    <subfield code="a">Contenido: Garcilaso de la Vega el Inca los comentario reales, novela epicoelegiaca en donde se narra la destrucci&#xF3;n de un pueblo. Clary Loisel. -- Poes&#xED;a. Ver&#xF3;nica S&#xE1;enz. -- La narrativa andina peruana contempor&#xE1;nea y el indigenismo. Mark Cox. -- El jard&#xED;n de los cactus cinco poetas peruanos en el paso, Texas. Miguel Ildefonso. -- Cuento. Nilo Tomaylla. -- Un siglo de puro cuento en el Per&#xFA;, una pasi&#xF3;n desbordante de imaginaci&#xF3;n. Maynor Freyre. -- Ernesto Che Guevara en Cusco. Mario Guevara Paredes. -- Bolero discurso de la postmodernidad en la narrativa latinoamericana, Carlos Baptista D&#xED;az. -- Cuentos. Ana Bertha Vizcarra. -- Andinidad en la poes&#xED;a femenina peruana. Gloria Mendoza Borda. -- Angela Ramos una voz m&#xE1;s all&#xE1; de la poes&#xED;a. Ricardo Torres Gavela. -- La representaci&#xF3;n de la subalternidad ind&#xED;gena en tempestad en los andes. Juan Zevallos Aguilar. Cr&#xED;tica.</subfield>
  </datafield>
  <datafield tag="650" ind1=" " ind2=" ">
    <subfield code="a">Literatura cusque&#xF1;a</subfield>
    <subfield code="9">47453</subfield>
  </datafield>
  <datafield tag="650" ind1=" " ind2=" ">
    <subfield code="a">Narradores cusque&#xF1;os</subfield>
    <subfield code="9">31142</subfield>
  </datafield>
  <datafield tag="650" ind1=" " ind2=" ">
    <subfield code="a">Literatos cusque&#xF1;os</subfield>
    <subfield code="9">44145</subfield>
  </datafield>
  <datafield tag="650" ind1=" " ind2=" ">
    <subfield code="a">Poes&#xED;a</subfield>
    <subfield code="9">47456</subfield>
  </datafield>
  <datafield tag="700" ind1=" " ind2=" ">
    <subfield code="a">Guevara Paredes, Mario</subfield>
    <subfield code="9">6574</subfield>
  </datafield>
  <datafield tag="700" ind1=" " ind2=" ">
    <subfield code="a">Vizcarra, Ana Bertha</subfield>
    <subfield code="9">47457</subfield>
  </datafield>
  <datafield tag="700" ind1=" " ind2=" ">
    <subfield code="a">Zevallos Aguilar, Juan</subfield>
    <subfield code="9">29593</subfield>
  </datafield>
  <datafield tag="942" ind1=" " ind2=" ">
    <subfield code="2">ddc</subfield>
    <subfield code="c">PP</subfield>
  </datafield>
  <datafield tag="945" ind1=" " ind2=" ">
    <subfield code="a">rac</subfield>
  </datafield>
  <datafield tag="952" ind1=" " ind2=" ">
    <subfield code="0">0</subfield>
    <subfield code="2">ddc</subfield>
    <subfield code="4">0</subfield>
    <subfield code="7">0</subfield>
    <subfield code="a">HEM</subfield>
    <subfield code="b">HEM</subfield>
    <subfield code="c">CART</subfield>
    <subfield code="d">2022-03-07</subfield>
    <subfield code="g">5.00</subfield>
    <subfield code="o">Sieteculebras/N&#xB0;15/2001</subfield>
    <subfield code="p">REVC000813</subfield>
    <subfield code="r">2022-03-07</subfield>
    <subfield code="y">PP</subfield>
  </datafield>
</record>
